| 000 | 00000nam##2200000za#4500 |
| 001 | 9.599506 |
| 003 | CaOODSP |
| 005 | 20220505163028 |
| 007 | cr ||||||||||| |
| 008 | 150406|2007||||xxc|||||o f|0| 0 fre|d |
| 040 | |aCaOODSP|bfre |
| 043 | |an-cn--- |
| 086 | 1 |aH12-21-3/33-1F-PDF |
| 110 | 2 |aAgence de santé publique du Canada. |
| 245 | 10|aRapport de surveillance canadien 2004 sur les infections transmises sexuellement |h[ressource électronique] |
| 260 | |bAgence de santé publique du Canada |cmai 2007. |
| 300 | |a88p.|bgraphiques, carte, références, tableaux |
| 490 | 1 |aRelevé des maladies transmissible au Canada. Supplément |vVol. 33S1 |
| 590 | |a10-09-Supp|b2010-11-02 |
| 775 | 08|t2004 Canadian sexually transmitted infections surveillance report |w(CaOODSP)9.568217 |
| 830 | #0|aRelevé des maladies transmissible au Canada. Supplément ;|vVol. 33S1|w(CaOODSP)9.501303 |
| 856 | 40|ahttp://publications.gc.ca|qPDF|s9 Mo|uhttps://publications.gc.ca/collections/collection_2010/aspc-phac/H12-21-3-33-1-fra.pdf|yVol. 33S1 |